| 000 | 00687nam a22002297a 4500 | ||
|---|---|---|---|
| 003 | DEla salle | ||
| 005 | 20140310181739.0 | ||
| 008 | 130322t xxu||||| |||| 00| 0 eng d | ||
| 020 | _a0874846714 | ||
| 050 |
_aGN 320 _b.B668 1985 |
||
| 082 |
_aTR 306.19 _bB63 1985 |
||
| 245 |
_aAnthropology and contemporary human problems/ _cJohn H. Bodley |
||
| 250 | _a2nd ed. | ||
| 260 |
_aPalo Alto _bMayfield Pub. _cc1985 |
||
| 300 |
_axv, 258 p. _bill. _c23 cm. |
||
| 500 | _aIncludes bibliographical references & index. | ||
| 520 | _a1. Primitive societies 2. Human ecology 3. Social problems | ||
| 521 | _aFaculty | ||
| 541 | _j1 | ||
| 562 | _e1 | ||
| 942 |
_2lcc _cBK-TR _kTR |
||
| 999 |
_c2701 _d2701 |
||